Four new riodinid species from eastern Ecuador (<Lepidoptera: Riodinidae>) (Registro nro. 10697)

Detalles MARC
000 -CABECERA
Campo de control 006120000a22002050004500
090 ## - CLASIFICACIÓN LOCAL
Colección AR
Consecutivo 01616
041 0# - IDIOMA
Código de idioma para texto/pista de sonido o título separado
100 1# - ASIENTO PRINCIPAL--NOMBRE PERSONAL
Nombre personal Hall, Jason P. W.
245 10 - MENCION DE TITULO
Título Four new riodinid species from eastern Ecuador (<Lepidoptera: Riodinidae>)
650 14 - ASIENTO SECUNDARIO DE MATERIA - TERMINO TEMATICO
Término temático o nombre geográfico como elemento de entrada Etología
650 14 - ASIENTO SECUNDARIO DE MATERIA - TERMINO TEMATICO
Término temático o nombre geográfico como elemento de entrada Hábitat animal
650 14 - ASIENTO SECUNDARIO DE MATERIA - TERMINO TEMATICO
Término temático o nombre geográfico como elemento de entrada Morfología
650 14 - ASIENTO SECUNDARIO DE MATERIA - TERMINO TEMATICO
Término temático o nombre geográfico como elemento de entrada Nuevas especies
651 #4 - ASIENTO SECUNDARIO DE MATERIA - NOMBRE GEOGRAFICO
-- Colombia
651 #4 - ASIENTO SECUNDARIO DE MATERIA - NOMBRE GEOGRAFICO
-- Ecuador
653 ## - TERMINO DE INDIZACION - NO CONTROLADO
-- Riodinidae
-- Argyrogrammana
700 1# - ASIENTO SECUNDARIO - NOMBRE PERSONAL
Nombre personal Willmott, Keith R.
773 1# - Item fuente:
Título Lambillionea
Especificación de materiales 1156
Descripción física 3
Paginas del Articulo 325-333
Lugar, editorial y fecha de publicación 1998
Información sobre la relación 98
942 ## - ELEMENTOS ADICIONALES (KOHA)
Tipo de ítem Artículo
Existencias
Withdrawn status Lost status Damaged status No para préstamo Colección Ubicación Permanente Ubicación actual Fecha de adquisición Datos de publicación Seriada Total Checkouts Número topográfico Inventario / Código de Barras Date last seen Ejemplar Price effective from Forma de adquisición Tipo de material
      No para Préstamo Hemeroteca Bogotá Bogotá 27/02/2015 Fuera de circulación   AR 01616 011977 25/03/2015 1 25/03/2015   Artículo